MARC details
| 000 -CABECERA |
| campo de control de longitud fija |
01108cam a2200277 a 4500 |
| 001 - NÚMERO DE CONTROL |
| campo de control |
000012025 |
| 003 - IDENTIFICADOR DEL NÚMERO DE CONTROL |
| campo de control |
DO-SdBNP |
| 005 - FECHA Y HORA DE LA ÚLTIMA TRANSACCIÓN |
| campo de control |
20250401150128.0 |
| 008 - DATOS DE LONGITUD FIJA--INFORMACIÓN GENERAL |
| campo de control de longitud fija |
030305s2002 pr b 001 0 spa |
| 035 ## - NÚMERO DE CONTROL DEL SISTEMA |
| Número de control de sistema |
(OCoLC)ocm51788745 |
| 040 ## - FUENTE DE LA CATALOGACIÓN |
| Centro catalogador/agencia de origen |
DO-SdBNP |
| Lengua de catalogación |
spa |
| Centro/agencia transcriptor |
PBR |
| Centro/agencia modificador |
DLC |
| -- |
BNPHU |
| 043 ## - CÓDIGO DE ÁREA GEOGRÁFICA |
| Código de área geográfica |
nwpr--- |
| 049 ## - FONDOS LOCALES (OCLC) |
| Fondos de biblioteca |
BNGR |
| 082 ## - NÚMERO DE LA CLASIFICACIÓN DECIMAL DEWEY |
| Número de clasificación |
398.097295 |
| Número de documento/Ítem |
S487r |
| 100 1# - ENTRADA PRINCIPAL--NOMBRE DE PERSONA |
| Nombre de persona |
Serra Deliz, Wenceslao, |
| Fechas asociadas al nombre |
1941- |
| 9 (RLIN) |
14203 |
| 245 13 - MENCIÓN DE TÍTULO |
| Título |
El refranero puertorriqueño : |
| Resto del título |
historia e ideología / |
| Mención de responsabilidad, etc. |
Wenceslao Serra Deliz ; prólogo Eliezer Narváez Santos. |
| 260 ## - PUBLICACIÓN, DISTRIBUCIÓN, ETC. |
| Lugar de publicación, distribución, etc. |
Ponce, Puerto Rico : |
| Nombre del editor, distribuidor, etc. |
Centro de Investigaciones Folklóricas de Puerto Rico, Casa Paoli, |
| Fecha de publicación, distribución, etc. |
2002. |
| 300 ## - DESCRIPCIÓN FÍSICA |
| Extensión |
155 p. ; |
| Dimensiones |
22 cm. |
| 500 ## - NOTA GENERAL |
| Nota general |
"Esta publicación es parte del proyecto Seminario para la Recolección del Folklore de Puerto Rico - Banco Nacional de la Memoria." |
| 504 ## - NOTA DE BIBLIOGRAFÍA, ETC. |
| Nota de bibliografía, etc. |
Incluye referencias bibliográficas. |
| 650 #0 - PUNTO DE ACCESO ADICIONAL DE MATERIA--TÉRMINO DE MATERIA |
| Término de materia o nombre geográfico como elemento de entrada |
Folclore |
| Subdivisión geográfica |
Puerto Rico |
| 9 (RLIN) |
33448 |
| 650 #4 - PUNTO DE ACCESO ADICIONAL DE MATERIA--TÉRMINO DE MATERIA |
| Término de materia o nombre geográfico como elemento de entrada |
Proverbios y refranes puertorriqueños |
| 9 (RLIN) |
28438 |
| 700 1# - PUNTO DE ACCESO ADICIONAL--NOMBRE DE PERSONA |
| Nombre de persona |
Narváez Santos, Eliezer, |
| Término indicativo de función/relación |
pról. |
| 9 (RLIN) |
28439 |
| 910 ## - DATOS DE OPCIÓN DEL USUARIO (OCLC) |
| Datos de opción del usuario |
Catalogación por copia / LC |
| 942 ## - ELEMENTOS DE PUNTO DE ACCESO ADICIONAL (KOHA) |
| Fuente del sistema de clasificación o colocación |
Dewey Decimal Classification |
| Tipo de ítem Koha |
Libro |